Reduction of hours of work; (Record no. 36101)

MARC details
000 -LEADER
fixed length control field 00902cam a22002411 4500
001 - CONTROL NUMBER
control field l 33000102
003 - CONTROL NUMBER IDENTIFIER
control field DLC
005 - DATE AND TIME OF LATEST TRANSACTION
control field 20260227111534.0
008 - FIXED-LENGTH DATA ELEMENTS--GENERAL INFORMATION
fixed length control field 790712s1933 sz 000 0 eng c
010 ## - LIBRARY OF CONGRESS CONTROL NUMBER
LC control number l 33000102
035 ## - SYSTEM CONTROL NUMBER
System control number (OCoLC)5164607
040 ## - CATALOGING SOURCE
Original cataloging agency U.S. Dept. of Labor. Library
Transcribing agency OCl
Modifying agency DLC
042 ## - AUTHENTICATION CODE
Authentication code premarc
050 00 - LIBRARY OF CONGRESS CALL NUMBER
Classification number HD4906
Item number .I584
110 2# - MAIN ENTRY--CORPORATE NAME
Corporate name or jurisdiction name as entry element International Labour Office
245 10 - TITLE STATEMENT
Title Reduction of hours of work;
Remainder of title report of the Tripartite preparatory conference.
Statement of responsibility, etc. Fifth item on the agenda.
260 ## - PUBLICATION, DISTRIBUTION, ETC.
Place of publication, distribution, etc. Geneva,
Name of publisher, distributor, etc. International labour office,
Date of publication, distribution, etc. 1933.
300 ## - PHYSICAL DESCRIPTION
Extent 2 p. l., 212 p.
Dimensions 24 cm.
500 ## - GENERAL NOTE
General note At head of title: Report V. International labour conference. Seventeenth session. Geneva, 1933.
650 #0 - SUBJECT ADDED ENTRY--TOPICAL TERM
Topical term or geographic name entry element Hours of labor.
650 #0 - SUBJECT ADDED ENTRY--TOPICAL TERM
Topical term or geographic name entry element Labor laws and legislation, International.
711 2# - ADDED ENTRY--MEETING NAME
Meeting name or jurisdiction name as entry element Tripartite preparatory conference on hours of labor
Date of meeting or treaty signing (1933 :
Location of meeting Geneva)

No items available.

Powered by Koha